Score 0/50 Timer 10:00
3 Plays Today
% Correct
Winterfell
91.4%
King's Landing
90.4%
The Wall
86.4%
Iron Islands
81.8%
Dorne
81.5%
The North
80.9%
Casterly Rock
79.6%
Castle Black
76.7%
Dragonstone
74.2%
Highgarden
72.6%
Pyke
71%
The Eyrie
70.8%
Vale of Arryn
70.7%
The Twins
70.3%
Riverrun
70.2%
Sunspear
66.6%
Beyond the Wall
66.5%
Kingsroad
65.1%
The Reach
63.5%
Storm's End
62.8%
Harrenhal
62.7%
Riverlands
62.6%
The Fingers
62.1%
Dreadfort
60.9%
The Narrow Sea
59.7%
% Correct
Lannisport
59.4%
Oldtown
59.3%
Stormlands
57.5%
Blackwater Bay
55.5%
Westerlands
54.5%
The Neck
53.8%
Moat Cailin
49.6%
Tarth
47.6%
Crownlands
45.7%
The Trident
44.3%
Skagos
42.6%
Karhold
40.5%
Deepwood Motte
40.1%
Kingswood
35.6%
Wolfswood
34.3%
God's Eye
32.9%
Gold Road
32.3%
Roseroad
32.1%
The Three Sisters
31.8%
Sea of Dorne
28.6%
Bay of Ice
28.4%
The Crag
25.2%
Shipbreaker Bay
24.4%
River Road
23.1%
Ocean Road
22.8%
Remove Ads.
Support Sporcle.
Get the best of Sporcle when you Go Orange. This ad-free experience offers more features, more stats, and more fun while also helping to support Sporcle. Thank you for becoming a member.

You're not logged in!

Compare scores with friends on all Sporcle quizzes.
OR
Log In

Show Comments

Extras

Top Quizzes Today


Score Distribution

Your Account Isn't Verified!

In order to create a playlist on Sporcle, you need to verify the email address you used during registration. Go to your Sporcle Settings to finish the process.

Report this User

Report this user for behavior that violates our Community Guidelines.

Details: